ORGANISATIONAL BEHAVIOUR (Record no. 9158)

MARC details
000 -LEADER
fixed length control field 00555nam a22001577a 4500
003 - CONTROL NUMBER IDENTIFIER
control field SGT
020 ## - INTERNATIONAL STANDARD BOOK NUMBER
International Standard Book Number 8125909362
082 ## - DEWEY DECIMAL CLASSIFICATION NUMBER
Classification number 658.1.MIS
100 ## - MAIN ENTRY--PERSONAL NAME
Personal name MISHRA,M.N.
245 ## - TITLE STATEMENT
Title ORGANISATIONAL BEHAVIOUR
260 ## - PUBLICATION, DISTRIBUTION, ETC. (IMPRINT)
Place of publication, distribution, etc NEW DELHI
Name of publisher, distributor, etc VIKAS
Year of Publication 2005
300 ## - PAGE DESCRIPTION
No. of Pages 481
650 ## - SUBJECT ADDED ENTRY--TOPICAL TERM
Topical term or geographic name as entry element GENERAL MANAGEMENT
653 ## - KEYWORDS--INDEX TERM
Keyword term ORGANISATION,BEHAVIOUR IN AN ORGANISATION,PERCEPTION,LEARNING,PERSONALITY,MOTIVATION- BASICS,INTER GROUP BEHAVIOUR,CONFLICT IN ORGANISATION,POWER AND POLITICS AND POLITICS,COMMUNICATION,GROUP DYNAMICS,ORGANISATIONAL CULTURE
942 ## - ADDED ENTRY ELEMENTS (KOHA)
Source of classification or shelving scheme Dewey Decimal Classification
Koha item type FCM Books
942 ## - ADDED ENTRY ELEMENTS (KOHA)
-- 28
Holdings
Withdrawn status Lost status Source of classification or shelving scheme Damaged status Not for loan Collection code Home library Current library Shelving location Date acquired Vendor Name Cost, normal purchase price SGTU Total Checkouts Full call number Accession No. (Barcode) Date last seen Date last borrowed Bill Date Koha item type
    Dewey Decimal Classification     COMMERCE MANAGEMENT SGT Science & Social Sciences Library SGT Science & Social Sciences Library Text Book 20/06/2016 GIFT 180.00 SGTU 49 658.1.MIS CM280 15/01/2025 15/01/2025 20/06/2016 FCM Books